LEADER 01052nam a2200265 i 4500 001 991001840139707536 005 20020507152512.0 008 000526s1993 it ||| | ita 035 $ab11571603-39ule_inst 035 $aLE02726074$9ExL 040 $aDip.to Studi Giuridici$bita 082 0 $a346.45082 084 $aCM-XVI/A 100 1 $aAntonucci, Antonella$0132970 245 10$aDall'attuazione della 2. direttiva CEE in materia bancaria al testo unico :$batti del Convegno :$bBari, 5-6 marzo 1993 /$ca cura di Antonella Antonucci 260 $aBari :$bCacucci,$c[1993] 300 $a306 p. ;$c25 cm. 500 $aSegue: Appendice 650 4$aBanche$xLegislazione$xCongressi 907 $a.b11571603$b21-09-06$c02-07-02 912 $a991001840139707536 945 $aLE027 CM-XVI/A 4$g1$iLE027CL-2073$lle027$o-$pE0.00$q-$rl$s- $t0$u0$v0$w0$x0$y.i11776316$z02-07-02 996 $aDall'attuazione della 2. direttiva CEE in materia bancaria al Testo Unico$9195750 997 $aUNISALENTO 998 $ale027$b01-01-00$cm$da $e-$fita$git $h0$i1 LEADER 00903nam0-2200265 --450 001 9911043828903321 005 20251202104525.0 010 $a978-88-495-5904-0 100 $a20251202d2025----kmuy0itay5050 ba 101 0 $aita 102 $aIT 105 $a 001yy 200 1 $a<>Banca europea per gli investimenti$ela sua attivitą alla luce dei princģpi e dei valori dell'Unione$fCeleste Pesce 210 $aNapoli$cEdizioni scientifiche italiane$d2025 215 $a343 p.$d24 cm 225 1 $aPubblicazioni$fUniversitą degli studi di Bari Aldo Moro, Dipartimento di giurisprudenza$v185 676 $a346.24082$v23$zita 700 1$aPesce,$bCeleste$0521191 801 0$aIT$bUNINA$gREICAT$2UNIMARC 901 $aBK 912 $a9911043828903321 952 $aUNIV. 243 (185)$b2025/1833$fFGBC 959 $aFGBC 996 $aBanca europea per gli investimenti$94460058 997 $aUNINA